[Event "Moscow Aeroflot op-A"]
[Site "Moscow"]
[Date "2006.02.15"]
[Round "8"]
[White "Roiz, Michael"]
[Black "Kharlov, Andrei"]
[Result "1-0"]
[WhiteElo "2599"]
[BlackElo "2558"]
[Annotator "Roiz,M"]
[PlyCount "67"]
[EventDate "2006.02.08"]
[EventType "swiss"]
[EventRounds "9"]
[EventCountry "RUS"]
[SourceTitle "CBM 112"]
[Source "ChessBase"]
[SourceDate "2006.06.07"]
[SourceVersion "1"]
[SourceVersionDate "2006.06.07"]
[SourceQuality "1"]

1. e4 c5 2. Nf3 d6 3. Bb5+ Bd7 4. Bxd7+ Nxd7 (4... Qxd7 {is much more popular
nowadays.}) 5. O-O Ngf6 6. Qe2 Rc8 $5 {An interesting ''waiting'' move. The
point is that after the immediate 6...g6 white may immediately seize the
centre by c2-c3 and d2-d4.} 7. d3 {This quiet move is not principal and leads
only to an equal long play.} ({White has also tried:} 7. b3 g6) ({or} 7. c3 e6
8. d4 cxd4 9. cxd4 d5 10. e5 Ne4 {but black is usually doing O.K here.}) 7...
g6 ({Another possibility is:} 7... e6 8. Ng5 h6 9. Nh3 g6 10. c4 Bg7 11. Nc3
Ne5 12. f4 Nc6 13. Kh1 O-O 14. Be3 Nd7 $11 {0-1 Fedorov,V-Ubilava,E/Rome 1990/
TD (45)}) 8. Ng5 $5 {This manoevre is typical for the 3.Bb5+ line. White is
going to push f2-f4, provoking the somewhat weakening move h7-h6.} h6 {
Practically forced.} (8... Bg7 9. f4 O-O $2 10. e5 $18 {[%cal Ge5e6]}) 9. Nh3
Bg7 10. Nd2 $146 (10. f4 e6 11. c4 O-O 12. Nc3 Nb8 13. g4 Nc6 14. g5 hxg5 15.
Nxg5 Nd4 16. Qg2 Nh7 $132 {1-0 Papa,S-Cebalo,M/Davos 2003/CBM 095 ext (29)})
10... O-O 11. f4 {The main problem of black here is a deficit of counterplay.
At the same time, White has a clear plan of advancing the king-side pawns.} e6
{A good prophylactic move which makes the f4-f5 advancement pointless.} 12. Nf2
Nb8 {Delivering the knight to c6, where it will be more useful.} ({Deserved
attention also:} 12... b5 $5 13. Nf3 b4 14. Kh1 a5 $132) 13. Nf3 Nc6 14. c3 {
Taking control of the 'd4' square.} (14. Be3 Nd7 15. c3 f5 $132) ({Premature
would be:} 14. g4 $6 Nd4 15. Nxd4 cxd4 {and Black's pressure along the 'c'
file is quite unpleasant.}) 14... Re8 {This move is connected with a passive
plan.} ({I would prefer:} 14... Nd7 15. Be3 f5 16. Rae1 $132 {, as here it
will be more difficult forr White to make progress on the king-side.}) 15. g4
Nh7 $6 {This manoevre is dubious - there was no reason for such a passive move.
} ({Better was:} 15... Nd7 {intending to meet} 16. g5 $140 ({deserves attention
} 16. h4 $5 {but it looks risky}) {with} 16... h5 17. Be3 d5 $132) 16. Kh1 b5
17. Be3 {Black has finally regrouped his pieces.} b4 18. c4 $14 {A standard
reaction on white's queen-side action - the weakness of the 'd4' square is not
significant here.} f5 19. Rad1 $1 {An important prophylactic move - now black
has also to deal with a possible d3-d4 advancement.} (19. gxf5 exf5 (19... gxf5
20. Rg1 Kh8 21. Rg6 $36) 20. Rg1 Qf6 21. Rg3 Nf8 $132) 19... Qf6 20. b3 ({
Inaccurate would be the tempting:} 20. d4 $6 cxd4 21. Nxd4 Nxd4 22. Bxd4 e5 23.
Bxa7 Qf7 $132 {and Black has good counterplay.}) 20... g5 $2 {A serious
strategical mistake - black shouldn't touch anything on the weak side of the
board!} ({Black had to keep the pressure:} 20... Qf7 21. Rg1 Kh8 $14 {,
although White is better here.}) 21. fxg5 hxg5 ({Even worse was:} 21... Nxg5
22. gxf5 exf5 23. Nxg5 hxg5 (23... f4 24. Ng4 $18) 24. Ng4 $18) 22. gxf5 exf5
23. exf5 {Now white gets the ideal outpost for his knight.} Qxf5 $2 {That
tackle makes white's task much easier.} ({Black should try:} 23... Nd4 24. Bxd4
Rxe2 25. Bxf6 Nxf6 $1 (25... Bxf6 26. Rd2 Rce8 27. Ne4 $18) 26. Nxg5 Rxa2 27.
Ne6 a5 {getting some queen-side counterplay. However, it looks like White's
position remains winning after} 28. Nh3 $1 {[%cal Gf1g1]} Bh8 29. Ra1 Rxa1 30.
Rxa1 $16 {/+-}) 24. Ne4 Qg6 25. Qg2 ({Good enough was also:} 25. Rg1 Nd4 26.
Bxd4 cxd4 27. Rdf1 Rc7 28. Qg2 $18) 25... Ne5 26. Nfxg5 Nxd3 {A desperate
tactical attempt to simplify the position.} ({The endgame with a pawn down
looks completely lost after} 26... Nxg5 27. Qxg5 Qxg5 28. Bxg5 $18) 27. Rxd3
Nxg5 28. Rxd6 $2 {Missing a winning continuation in zeitnot!} ({White could
win a whole piece by:} 28. Nf2 $1 Re5 29. Rg1 Bh6 30. h4 $18) 28... Qxe4 29.
Bxg5 Bd4 $1 {Suddenly black has got some drawish chances, as there is not much
material on the board!} 30. Rf3 Qb1+ $4 {[%mdl 8192] The last mistake - Andrei
has probably overlooked White's simple next move.} ({At the same time, after} 
30... Qe1+ 31. Rf1 Qe4 32. Rd7 a5 $16 {black's drawish chances shouldn't be
underestimated.}) 31. Bc1+ Bg7 32. Rd1 $18 {Now everything is clear: at least
white can exchange all the pieces.} Rc7 (32... Qe4 33. Rg1 Rc7 34. Bb2 Qb7 35.
Rg3 Qxg2+ 36. R3xg2 $18 {and the Ph2 decides the game.}) 33. Rg1 Ree7 34. Bf4
1-0

[Event "Hoogeveen Unive Crown 16th"]
[Site "Hoogeveen"]
[Date "2012.10.25"]
[Round "4"]
[White "Tiviakov, Sergei"]
[Black "Hou, Yifan"]
[Result "1-0"]
[WhiteElo "2656"]
[BlackElo "2623"]
[Annotator "Safarli,E"]
[PlyCount "139"]
[EventDate "2012.10.21"]
[EventType "tourn"]
[EventRounds "6"]
[EventCountry "NED"]
[EventCategory "18"]
[SourceTitle "CBM 151"]
[Source "ChessBase"]
[SourceDate "2012.11.13"]
[SourceVersion "1"]
[SourceVersionDate "2012.11.13"]
[SourceQuality "1"]

1. e4 c5 2. Nf3 d6 3. Bb5+ Bd7 4. Bxd7+ Qxd7 5. c4 Nf6 6. Nc3 g6 7. d4 cxd4 8.
Nxd4 Bg7 9. h3 {Three days previously Sergey played 9.f3 against Nakamura} Qc7
10. Qe2 $5 ({White mostly plays this way:} 10. b3 Qa5 11. Bd2 Nxe4 12. Nxe4 Qe5
13. Qb1 f5 14. Bc3 Qxe4+ 15. Qxe4 fxe4 {The position gets less complex and it
seems to me that Black equalises without many problems.} 16. Nb5 Bxc3+ 17. Nxc3
Nd7 18. Nxe4 Rc8 19. Kd2 Nc5 20. Rhe1 Nxe4+ 21. Rxe4 Rf8 22. f3 Kd7 23. a4 a5
24. Rae1 Rf7 25. Ke3 {1/2-1/2 Spasov,V (2594)-Mamedov,N (2587) Konya TUR 2011})
10... Nc6 11. Nc2 O-O 12. O-O a6 13. Bd2 {Sergey is just trying to develop his
pieces. The position is of course about equal.} e6 14. Rac1 Rfe8 15. Be3 Ne5
16. Na3 (16. b3 b5 $1) 16... Rac8 17. b3 Qa5 18. Nab1 d5 $1 (18... b5 $6 {
is dubious because after} 19. cxb5 axb5 20. Qxb5 Qxb5 21. Nxb5 Nxe4 22. f3 $1
Ng3 23. Nxd6 Ne2+ 24. Kh1 Rxc1 25. Rxc1 Nxc1 26. Nxe8 Nxa2 27. Nxg7 Kxg7 28.
Bd4 f6 29. Bxe5 fxe5 30. Kg1 $16 {White can get a winning endgame in a more or
less forced line.}) 19. f4 (19. cxd5 exd5 20. exd5 Nxd5 21. Nxd5 Qxd5 22. Rxc8
Rxc8 23. Rd1 Qe6 24. Na3 {would be just equal.}) 19... Nc6 20. e5 Nh5 21. Qf2
$6 {Although this move led White to victory, in my opinion a better move would
be 21.g4, with a draw as a probable outcome. The move that White chose to play
could provoke huge problems for him. However, Black did not cash in on that
opportunity.} (21. g4 Ng3 (21... d4 22. gxh5 dxe3 23. Ne4 $13) 22. Qf2 Nxf1 23.
Bb6 Qb4 24. Bc5 Qa5 25. Bb6 $11) 21... d4 $1 22. Bxd4 Nxd4 23. Qxd4 g5 $1 (
23... Ng3 $5 {was also interesting, but 23...g5! is much stronger} 24. Rf3 Bf8
25. Kh2 Nf5) 24. fxg5 Bxe5 25. Qf2 Bf4 $2 {Black has played very reasonably
and strongly, but unfortunately now Hou Yifan misses an opportunity to take
the initiative.} (25... Ng3 $1 26. Rfd1 (26. Qxf7+ Kh8 27. Rf2 Qc5 28. g6 hxg6
29. Qxg6 Qe3 $1 30. Qc2 Rcd8) 26... Red8 {and probably White is in big trouble
here.}) 26. Ne4 $1 $16 Bxc1 27. Rxc1 {White chose a more positional way.} (27.
Qxf7+ Kh8 28. Rxc1 Ng7 29. Nbd2 $16) 27... Qe5 28. Re1 Kh8 29. Nbd2 Red8 30.
Nf3 $16 {White had a very nice position, and I didn't have any doubts that
Sergey would gain victory in this round.} Qf4 31. g3 Qc7 32. Qb2+ Ng7 33. Ne5
Qb6+ 34. Kg2 Rc7 35. c5 Qb4 36. Qf2 Rd5 37. Nd6 Nf5 38. Nexf7+ Rxf7 39. Nxf7+
Kg7 40. Nd6 Nxd6 41. Qf6+ Kg8 42. Qxe6+ $1 Kg7 (42... Nf7 43. Rf1 $1 Rd2+ 44.
Kh1 $18) 43. cxd6 {This also wins, but 43.Qf6 would mate Black in nine moves.}
({For example:} 43. Qf6+ Kg8 44. Qd8+ Kg7 (44... Kf7 45. Re7+ Kg6 46. Qg8+) 45.
Re7+ Nf7 46. Qxd5) 43... Qxd6 44. Qxd6 Rxd6 45. Re7+ Kg8 46. Rxb7 Rd2+ 47. Kf3
Rxa2 48. Kg4 Rd2 49. h4 a5 50. Kh5 Rd6 51. Ra7 Rb6 52. Kg4 Rb4+ 53. Kh3 Rb5 54.
Kh2 Kh8 55. Kg2 Kg8 56. Kh3 Kh8 57. Kg4 Rb4+ 58. Kf5 Rxb3 59. h5 Rf3+ 60. Kg4
Rf8 61. Rxa5 Rb8 62. h6 Kg8 63. Kh5 Kf7 64. Rf5+ Ke6 65. Rf4 Rb3 66. Rf6+ Ke7
67. Ra6 Kf7 68. Ra7+ Kg8 69. Ra8+ Kf7 70. Rh8 1-0

[Event "Reykjavik op"]
[Site "Reykjavik"]
[Date "2015.03.15"]
[Round "7"]
[White "Wang, Yiye"]
[Black "Jones, Gawain C B"]
[Result "0-1"]
[WhiteElo "2433"]
[BlackElo "2642"]
[Annotator "Sagar Shah"]
[PlyCount "36"]
[EventDate "2015.03.10"]
[EventType "swiss"]
[EventRounds "10"]
[EventCountry "ISL"]
[SourceTitle "CBM 165 Extra"]
[Source "ChessBase"]
[SourceDate "2015.04.21"]
[SourceVersion "1"]
[SourceVersionDate "2015.04.21"]
[SourceQuality "1"]

{This game is a nice example of how to punish the wastage of a move in the
opening.} 1. e4 c5 2. Nf3 d6 3. Bb5+ Bd7 4. Bxd7+ Qxd7 5. O-O Nc6 6. Qe2 (6. c4
{is much more common.}) 6... Nf6 7. Rd1 Rc8 8. c3 e6 {This is all normal and
has been seen in almost 40 games before. The obvious move should now be d4.
But I wonder what happened to the Chinese player who decided to waste to
convert the structure into a Maroczy Bind.} 9. c4 $2 {This is just a waste of
an entire tempo.} g5 $1 {Gawain Jones is an agressive and ambitious player. He
will not let a moves like c2-c3-c4 go unpunished.} 10. d4 (10. Nxg5 Nd4 $1 11.
Qd3 Rg8 $36 {Black has an excellent position.}) 10... g4 11. d5 {The only way
to continue. Otherwise the d4 pawn was falling.} gxf3 12. Qxf3 Nxd5 (12... Nd4
13. Qxf6 Rg8 {Was another way to play.}) 13. cxd5 Nd4 14. Qd3 e5 {Black has a
strong knight on d4 and an open g-file. The opening battle has definitely
ended in his favour.} 15. Be3 $6 (15. Nc3 {was better.}) 15... c4 $1 16. Qf1 (
16. Qd2 $2 Nf3+ $1 17. gxf3 Qh3 $19 {would have ended in a mate.}) 16... Nc2
17. Nd2 Nxa1 18. Rxa1 c3 $1 {Black has won an exchange and continues his
initiative. Gawain Jones was easily able to convert this into a win.} 0-1

[Event "Vienna Millenium"]
[Site "Vienna"]
[Date "1996.08.12"]
[Round "4"]
[White "Shirov, Alexei"]
[Black "Polgar, Judit"]
[Result "1/2-1/2"]
[WhiteElo "2685"]
[BlackElo "2665"]
[Annotator "Shirov,A"]
[PlyCount "120"]
[EventDate "1996.08.09"]
[EventType "tourn"]
[EventRounds "9"]
[EventCountry "AUT"]
[EventCategory "18"]
[SourceTitle "CBM 055"]
[Source "ChessBase"]
[SourceDate "1996.12.01"]
[SourceVersion "1"]
[SourceVersionDate "1996.12.01"]
[SourceQuality "1"]

1. e4 {Horvath,T} c5 2. Nf3 d6 3. Bb5+ Bd7 4. Bxd7+ Qxd7 5. c4 Nc6 6. Nc3 g6 (
6... Nf6 {Horvath,T} 7. d4 (7. O-O $142) 7... cxd4 8. Nxd4 Qg4 $10) 7. d4 cxd4
8. Nxd4 Bg7 9. Nde2 Nf6 10. O-O O-O 11. f3 a6 12. a4 e6 13. Bg5 Qc7 14. b3 Nd7
15. Kh1 Qa5 (15... f5 $5 16. exf5 Rxf5 17. Be3 $13) 16. Qd2 (16. Qxd6 $6 Qxg5
17. Qxd7 Qc5 $1 {ףd7}) 16... Nc5 17. Rab1 Qb4 (17... f5 $5 18. exf5 Rxf5 19.
Bh4 $13) (17... Be5 $5) 18. Qc2 Qa5 (18... Nd4 $2 19. Nxd4 Bxd4 20. Ne2 $1) 19.
Bh4 (19. Qd2 $10 {Horvath,T}) 19... Nb4 20. Qd1 (20. Qd2 Nbd3 21. Be1 $1 {
(J.Polgar)} Qb4 (21... b6 $5) 22. Bg3 Rad8 23. Bh4 $14) 20... Ncd3 (20... Nbd3
$6 21. Na2 $1 $16) 21. Qd2 Qc5 22. f4 $5 {Weiß kann nicht weiter warten,
Schwarz droht schon mit Rac8;d5} b5 23. f5 (23. cxb5 $2 {Horvath,T} Rfc8 $1 $17
) (23. axb5 $2 {Horvath,T} axb5 24. Nxb5 Ra2 25. Qd1 d5 $1 $17) 23... exf5 $6 (
23... bxc4 24. f6 (24. Be7 {Horvath,T} Rfe8 25. f6 Rxe7 $5 26. fxe7 Re8 $44)
24... Bh8 25. bxc4 Qxc4 26. Bg3 $44) 24. exf5 Rfe8 (24... bxc4 25. f6 (25. bxc4
Rfe8) 25... Bh8 26. Ng3 $1 $40 {/\Nf5}) 25. f6 Bf8 26. cxb5 axb5 27. Nxb5 Re4
$6 (27... Qh5 28. Nf4 Qxh4 (28... Bh6 {Horvath,T} 29. Nxh5 Bxd2 30. Ng7 Red8
31. Bg3 $16) 29. Nxd3 Nd5 $1 $44) 28. Bg3 Rae8 29. Nf4 (29. Nc1 $5) 29... Qg5 (
29... Bh6 $2 {Horvath,T} 30. Nxd3 Bxd2 31. Nxc5 dxc5 32. Nd6 $18) 30. Rbd1 Re3
$1 (30... Bh6 $2 31. Nxd6 $18) 31. Nxd3 Nxd3 32. Bxd6 (32. Nxd6 Bxd6 33. Bxd6
Qd5 34. Be7 Qe4 35. Rg1 h5 $1 $44) 32... Bh6 33. Be7 (33. Nc7 R8e4 $44) 33...
Qh5 34. Qxe3 (34. Qxd3 {Horvath,T} Rxd3 35. Rxd3 Bg5 {Siehe Partie.}) 34...
Bxe3 35. Rxd3 $16 Bg5 36. Nc3 (36. Rfd1 {Horvath,T} Bf4 $2 (36... Rxe7 $2 37.
Rd8+ $18) (36... h6 $1) 37. h3 $18) 36... h6 37. a5 Qg4 38. h3 (38. a6 {
Horvath,T} Qe6 39. Ra1 Bxf6 $44) 38... Qe6 39. b4 Qa6 40. Rff3 $6 (40. Rdd1
$142 $16) (40. Rfd1 {Horvath,T} Bxf6 41. b5 Qe6 42. Bxf6 Qxf6 43. b6 $13) 40...
Rc8 41. Bc5 (41. Bd8 $1 {Horvath,T /\b5+-}) 41... Re8 42. Bf2 $1 Bc1 43. Rd1
Bb2 44. Nd5 $2 (44. Na4 Re2 45. Nc5 Qc4 46. a6 Qa2 47. b5 $18) 44... Qc4 $132
45. Bc5 Re2 46. Nf4 Rc2 47. Nxg6 Rc1 48. Rxc1 Qxc1+ 49. Kh2 Qa1 50. Ne7+ (50.
Be7 Kh7 51. Nf8+ (51. Nf4 Bd4 52. h4 h5 53. Nxh5 Qg1+ 54. Kg3 Qe1+ 55. Kg4 Qe6+
56. Kg5 Qe5+ 57. Rf5 Be3+ 58. Kg4 Qe4+ 59. Nf4 Bxf4 60. Rxf4 Qxg2+ 61. Kf5 Qd5+
$10) 51... Kh8 52. Nd7 $2 Qd1 $19) 50... Kh7 51. Nc6 (51. g3 $5 Bxf6 52. Rf2
$14) 51... Qa4 $1 52. Nd4 Bxd4 53. Bxd4 Qxb4 54. Bb6 Qd6+ 55. g3 Kg6 $10 56. h4
h5 57. Rf4 Qd2+ 58. Rf2 Qb4 59. Kg2 Qe4+ 60. Kh2 Qb4 1/2-1/2

[Event "Olympiad-32"]
[Site "Yerevan"]
[Date "1996.09.24"]
[Round "8.1"]
[White "Shirov, Alexei"]
[Black "Kasparov, Garry"]
[Result "1/2-1/2"]
[WhiteElo "2685"]
[BlackElo "2785"]
[Annotator "Shirov,A"]
[PlyCount "53"]
[EventDate "1996.09.15"]
[EventType "team-swiss"]
[EventRounds "14"]
[EventCountry "ARM"]
[SourceTitle "CBM 055"]
[Source "ChessBase"]
[SourceDate "1996.12.01"]
[SourceVersion "1"]
[SourceVersionDate "1996.12.01"]
[SourceQuality "1"]
[WhiteTeam "Spain"]
[BlackTeam "Russia"]
[WhiteTeamCountry "ESP"]
[BlackTeamCountry "RUS"]

1. e4 c5 2. Nf3 d6 3. Bb5+ {This made Kasparov think for awhile. I rememeber
that some time ago, having lost to Ivanchuk, he stated that White only plays 3.
Bb5+ when he wants a draw. I wouldn't be so strict...} Bd7 {Diverging from his
usual} (3... Nd7) 4. Bxd7+ Qxd7 5. c4 Nc6 6. Nc3 g6 7. d4 Bg7 $5 {A very
interesting novelty which, as he said afterwards, he had already practiced in
a training game against Rublevsky. Now White has not an easy choice between 8.
Be3, which is completely unpretentious because the bishop normally strives for
g5 in this system, and the text.} (7... cxd4 8. Nxd4 Bg7 9. Nde2 {would be the
common line.}) 8. d5 Bxc3+ $1 {This is the point. Black gets the structure
similar to some good Nimzo Indians.} 9. bxc3 Na5 10. O-O $5 {For the moment it
is not obligatory to defend the pawn.} (10. Nd2 {looked slower.}) 10... f6 $1 {
Very strong.} (10... Nxc4 11. Qe2 Ne5 12. Nxe5 dxe5 13. f4 {would yield White
a dangerous initiative.}) 11. Nd2 {Now this seems necessary.} b6 12. Qe2 $6 {
But this is definitely wrong. I rejected} (12. f4 {in view of} Nh6 {, but
maybe I should have chosen}) (12. Rb1 {. The position after logical} Nh6 13.
Nb3 Nxb3 14. axb3 Nf7 15. f4 O-O {is quite complicated and looks about equal
to me.}) 12... Qa4 $1 13. f4 Nh6 14. e5 O-O-O {Here I sank into thought and
realised that my queenside is practically stalemated. Then I decided to make
at least an active move with my rook.} 15. Rb1 Nf5 $6 {After the game Kasparov
was very unhappy about this move and suggested} (15... Rhf8 $1 {instead. He
was completely right that after} 16. e6 f5 $1 {intending to bring the knight
to e4 via f6, Black stands better.}) 16. g4 {Risky but necessary.} (16. e6 h5 {
is very annoying for White as he can not do anything against ...Kc7...Rb8...a6.
..b5 etc.}) 16... Nh4 $6 {This gives me a breath. I was afraid of} (16... Ng7 {
and although I wanted to continue} 17. exf6 (17. e6 f5 18. h3 fxg4 19. hxg4 h5
{is awful for White}) 17... exf6 18. f5 {, I had no much confidence in it.})
17. exf6 exf6 18. Qf2 $1 g5 19. Ne4 $1 {Turning into a very concrete play
White is suddenly completely OK. After a long think Kasparov goes for a long
drawing and practically forced line.} Qe8 $5 (19... Qxc4 20. Nxf6 {seems very
attractive for me.}) 20. Re1 Qg6 21. fxg5 {Having had just twenty minutes to
reach the control I rejected tempting} (21. f5 {because the position after} Qg7
(21... Qf7 22. Nxg5 fxg5 23. Bxg5 Rdg8 {is unclear as well}) 22. Ng3 Nxc4 23.
Nh5 Qf7 24. Re6 Ne5 {didn't apply to me at all, for example} 25. Qe2 $1 (25. h3
Rhe8 $1 {or}) (25. Nxf6 h5 $1 26. Rxe5 (26. gxh5 $2 Rh6 $19) 26... Qxf6 27. Re6
Qxc3 {and Black is much better.  However White has a stronger opportunity e.g.}
) 25... Rhe8 26. Qe4 $1 {and his compensation for the pawn seems quite good to
me. Thus 21.f5 would have been a real (risky though!) winning try while the
text leads to a forced draw.}) 21... Rhe8 $1 {[#] The only move.} 22. Nxd6+ $1
Rxd6 23. Rxe8+ Qxe8 24. Bf4 $1 (24. Qxh4 Qe4 25. Ra1 Nxc4 {could have been
better only for Black. Having made the intermediate bishop move I thought I
was on top but...}) 24... Nxc4 $1 {This came as the lightning from a clear sky.
I had mainly counted on} (24... Qe4 25. Rf1 Rd7 26. Qxh4 fxg5 27. Qxg5 Nxc4 28.
Qg8+ $16 {or}) (24... Rd7 25. Qxh4 fxg5 26. Qxg5 Nxc4 27. Qf5 $16 {However a
sensible alternative to the text would be}) (24... Qg6 25. Re1 {and now not}
Rd8 $1 (25... fxg5 $2 26. Bxd6 Qxd6 {which leads to a spectacular mate after}
27. Qf7 $1 Nb7 28. Qe8+ Nd8 29. Re6 $1 Nf3+ 30. Kf1 $3 Nd2+ 31. Ke1 $1 Nf3+ 32.
Kd1 Qxh2 33. Rc6+ Kb7 34. Qd7+ Ka6 35. Qc8+ Nb7 (35... Ka5 36. Rxc5+ bxc5 37.
Qxc5+ Ka4 38. Qb4#) 36. Rxb6+ $1 Kxb6 (36... axb6 37. Qa8#) 37. Qc6+ Ka5 38.
Qb5# {, but}) 26. Qxh4 fxg5 27. Qxg5 Qxg5 28. Bxg5 Rg8 29. Bh4 (29. h4 h6 $10)
29... Rxg4+ 30. Bg3 Kd8 31. Rf1 Ke8 {and it seems that everything ends with
the move repetition after} 32. Re1+ Kd8 {.}) 25. Bxd6 Nd2 $1 26. Rd1 {[#] Here
I was completely sure that my opponent miscalculated something and that the
game was over. But...} Qe4 $3 {Both checks with the knights} (26... Nhf3+ 27.
Kh1 Qe4 28. Qg2 $1 {or}) (26... Ndf3+ 27. Kf1 {would simply lose. Now it's
White who has to be careful}) 27. Bg3 {I forgot that in the line} (27. Rxd2
Qb1+ 28. Qf1 Nf3+ 29. Kf2 Qxf1+ 30. Kxf1 {he takes my rook with the check and
after} Nxd2+ 31. Ke2 Ne4 {is better! Thus I had already no choice. After
playing}) (27. Bg3 {I offered draw and the reaction was 'But I have the
perpetual, can I think a while?' I said OK and after some five minutes
Kasparov agreed to call it a day. He could have tried} Nhf3+ 28. Kh1 Ne1+ 29.
Kg1 Ndf3+ 30. Kf1 Nc2 {but after the precise} 31. d6 $1 {(not} (31. Bf4 Qxf4
32. Qxc2 Nxh2+ 33. Kg1 Nxg4 $15) 31... Kd7 32. Bf4 Qxf4 33. Qxc2 Nxg5+ 34. Qf2
Qxg4 35. Qe2 $1 {White is by no means worse.  Draw.}) 1/2-1/2